[Event "Balkan Youth Online-ch 2020"]
[Site "Online"]
[Date "2020.10.31"]
[Round "1.85"]
[White "Anghel, Maria"]
[Black "Velea, Teodora"]
[Result "1/2-1/2"]
[WhiteElo "1826"]
[BlackElo "2000"]
[Annotator "TA"]
[PlyCount "105"]
[EventDate "2020.10.31"]
[EventType "swiss"]
[SourceTitle "playchess.com"]
[Source "ChessBase"]
[SourceQuality "1"]

{[%evp 14,105,10,11,63,34,33,4,31,40,124,116,117,101,126,114,118,101,109,108,119,60,72,45,57,9,76,16,18,4,50,0,12,0,0,0,0,0,0,-49,-47,-79,-45,-50,0,-31,0,-77,-36,-31,0,0,0,-322,-25,-4239,-61,-336,0,0,0,-272,0,0,0,-8,-18,-249,-249,-226,-214,-221,-230,-372,-284,-280,-272,-260,29995,-425,-422,-465,-322,-416,0,-319,-317,-308,-298,-295,0,0,0,-264]} 1. d4 Nf6 2. Nf3 g6 3. c4 d5 4. cxd5 Nxd5 5. g3 Bg7 6. Bg2 O-O 7. O-O Nc6 8. Nc3 {[#]} Ndb4 $146 {D74: Fianchetto Grünfeld: Main Line (5 Nf3 0-0 6 cxd5 Nxd5 7 0-0).} (8... e5 $11) ({Predecessor:} 8... Nb6 9. d5 Na5 10. Qc2 c6 11. dxc6 Nxc6 12. Rd1 Qe8 13. Be3 Bf5 14. Qc1 Rd8 15. Rxd8 Qxd8 16. Bh6 Qd6 17. Bxg7 Kxg7 18. Qe1 Qb4 19. b3 Rd8 20. Nd1 Qxe1+ 21. Nxe1 Rd2 22. Nc3 Bg4 23. Bxc6 bxc6 24. f3 Bc8 25. Rd1 {½-½ (25) Izoria,Z (2602)-Firouzja,A (2728) chess.com INT 2020}) 9. a3 Nd5 10. e4 Nb6 {[%cal Rc6d4]} 11. d5 Ne5 (11... Na5 $14) 12. Nxe5 $16 Bxe5 13. Bh6 Re8 14. f4 Bg7 15. Bxg7 Kxg7 16. Qd4+ Kg8 17. h3 (17. Rad1 $16) 17... Bd7 $14 18. Rad1 c6 $1 19. Qb4 (19. f5 {is interesting.} cxd5 20. fxg6 hxg6 21. Kh2 Rc8 22. Qf2) 19... Qc7 (19... cxd5 $11 20. Nxd5 Nxd5 21. Rxd5 Qc8) 20. dxc6 (20. a4 $16) 20... Bxc6 21. Rc1 e6 22. Rfd1 Qe7 23. Qd4 Rad8 24. Qf2 Rxd1+ 25. Rxd1 Rd8 26. Qe2 Rxd1+ 27. Qxd1 Qc5+ 28. Kh2 $1 Qf2 29. b3 f5 30. Qf3 (30. Qd8+ $11 Kf7 31. Qh8 fxe4 32. Nd1 (32. Qxh7+ Kf8 $11)) 30... Qb2 31. Qd3 Qxb3 32. Qd8+ Kf7 33. Qc7+ $2 {[%mdl 8192]} (33. Qh8 $11) 33... Ke8 $2 (33... Nd7 $19 34. Qa5 Qc2) 34. Qc8+ $2 {[%mdl 8192]} (34. Qb8+ $11 Ke7 35. Qh8) 34... Ke7 $2 (34... Nxc8 $19 35. Ne2 Bxe4 36. Bxe4 fxe4) 35. Qc7+ $2 {[%mdl 8192]} (35. Qh8 $15) 35... Kf8 $2 ({Better is} 35... Nd7 $19 36. Qa5 Qc2 37. Qb4+ Ke8) 36. Qd8+ $11 Kf7 37. Qc7+ $2 {[%mdl 8192]} (37. Qh8 $11) 37... Ke8 $2 (37... Nd7 $19 38. Qa5 Qc2) 38. Qb8+ Kd7 39. Qe5 Qxa3 40. Qd4+ $2 (40. Nb5 $11 Bxb5 41. Qxb5+ Ke7 42. Qe5) 40... Qd6 $19 41. Qg7+ Qe7 42. Qd4+ Kc7 43. e5 (43. Nb5+ $142 Bxb5 44. Qe5+ Qd6 45. Qxb5) 43... Bxg2 44. Nb5+ Kb8 45. Kxg2 Qe8 $4 {[%mdl 8192]} (45... Qd7 $19 46. Kf2 Qc6 47. Qd8+ Nc8) 46. Nd6 $4 {[%mdl 8192]} (46. Qd6+ {was the only winning move.} Ka8 47. Nc7+ $1 {[%mdl 576] Double Attack} Kb8 48. Nxe8+ {[%mdl 64] Discovered Attack} Ka8 49. Qd8+ Nc8 50. Qxc8#) 46... Qc6+ 47. Kh2 Nc8 48. Nc4 Nb6 $2 ({Black should play} 48... b5 $19 49. Nb2 Nb6) 49. Qd8+ $2 {[%mdl 8192] [#]} (49. Nd6 $1 $11 {and White has nothing to worry.}) 49... Qc8 $1 {[%cal Rc8d8]} 50. Qd6+ Qc7 51. Qf8+ Qc8 $2 (51... Nc8 $19 52. Nd6 a5) 52. Qd6+ Qc7 $2 {[%mdl 8192]} (52... Ka8 $11 53. Nxb6+ axb6 54. Qa3+ Kb8) 53. Qf8+ $1 {[%mdl 32768] What a fight! Av CentiPawn Loss W=-99/B=-92. Weighted=-194/-136. An unexpected result.} 1/2-1/2

[Event "Balkan Youth Online-ch 2020"]
[Site "Online"]
[Date "2020.10.31"]
[Round "1.86"]
[White "Tsampouli, Vasiliki"]
[Black "Elma, Muge"]
[Result "0-1"]
[WhiteElo "1549"]
[BlackElo "1689"]
[Annotator "NA RC"]
[PlyCount "154"]
[EventDate "2020.10.31"]
[EventType "swiss"]
[SourceTitle "playchess.com"]
[Source "ChessBase"]
[SourceQuality "1"]
[TimeControl "5400+30"]

1. e4 {[%emt 1:09:38]} c5 {[%emt 1:05:26]} 2. Nf3 {[%emt 0:00:23]} d6 {[%emt 0:00:26]} 3. Bb5+ {[%emt 0:00:24]} Bd7 {[%emt 0:00:23]} 4. Bxd7+ {[%emt 0:00:22]} Nxd7 {[%emt 0:00:21]} 5. d4 {[%emt 0:00:29]} cxd4 {[%emt 0:01:27]} 6. Qxd4 {[%emt 0:00:33]} Ngf6 {[%emt 0:00:52]} 7. Nc3 {[%emt 0:00:57]} g6 {[%emt 0:01:57]} 8. O-O {[%emt 0:00:50]} Bg7 {[%emt 0:00:37]} 9. Bg5 {[%emt 0:02:00]} O-O {[%emt 0:01:46]} 10. Qd2 {[%emt 0:00:49]} Nc5 {[%emt 0:03:09]} 11. Rfe1 {[%emt 0:01:40]} Qb6 {[%emt 0:03:53]} 12. Nd5 {[%emt 0:03:20]} Nxd5 {[%emt 0:03:05]} 13. Qxd5 {[%emt 0:00:48]} Qc7 {[%emt 0:03:43]} 14. c3 {[%emt 0:02:11]} h6 {[%emt 0:01:00]} 15. Bf4 {[%emt 0:02:01]} Ne6 {[%emt 0:00:48]} 16. Be3 {[%emt 0:01:48]} Rfd8 {[%emt 0:01:02]} 17. Rad1 {[%emt 0:01:15]} a6 {[%emt 0:01:16]} 18. h3 {[%emt 0:02:16]} b5 {[%emt 0:00:46]} 19. Nd4 {[%emt 0:00:46]} Nc5 {[%emt 0:01:44]} 20. Qc6 {[%emt 0:02:00]} Rdc8 {[%emt 0:00:44]} 21. Qxc7 {[%emt 0:00:31]} Rxc7 {[%emt 0:00:21]} 22. f3 {[%emt 0:00:27]} Na4 {[%emt 0:00:32]} 23. Rd2 {[%emt 0:00:46]} Rac8 {[%emt 0:00:22]} 24. a3 {[%emt 0:00:39]} h5 {[%emt 0:00:34]} 25. Red1 {[%emt 0:00:28]} Bf6 {[%emt 0:01:01]} 26. Kf2 {[%emt 0:01:00]} Rb7 {[%emt 0:01:00]} 27. Nb3 {[%emt 0:01:12]} Kg7 {[%emt 0:01:11]} 28. Na5 {[%emt 0:00:30]} Rbc7 {[%emt 0:00:24]} 29. Nb3 {[%emt 0:00:23]} Bh4+ {[%emt 0:00:51]} 30. g3 {[%emt 0:00:23]} Bf6 {[%emt 0:00:22]} 31. f4 {[%emt 0:00:38]} Kf8 {[%emt 0:01:03]} 32. Kf3 {[%emt 0:00:32]} Rc6 {[%emt 0:00:55]} 33. Nd4 {[%emt 0:00:36]} R6c7 {[%emt 0:00:39]} 34. g4 {[%emt 0:00:40]} Nc5 {[%emt 0:00:42]} 35. Rg2 {[%emt 0:01:31]} hxg4+ {[%emt 0:00:33]} 36. hxg4 {[%emt 0:00:23]} e6 {[%emt 0:00:42]} 37. Ne2 {[%emt 0:00:42]} Ke7 {[%emt 0:00:27]} 38. g5 {[%emt 0:00:30]} Bg7 {[%emt 0:00:24]} 39. Rh2 {[%emt 0:00:41]} Rh8 {[%emt 0:00:29]} 40. Rxh8 {[%emt 0:00:33]} Bxh8 {[%emt 0:00:22]} 41. Bd4 {[%emt 0:01:06]} Bxd4 {[%emt 0:00:29]} 42. Nxd4 {[%emt 0:00:22]} Na4 {[%emt 0:00:24]} 43. Rd2 {[%emt 0:00:25]} Nb6 {[%emt 0:00:22]} 44. Nb3 {[%emt 0:00:38]} Nc4 {[%emt 0:00:28]} 45. Re2 {[%emt 0:00:23]} Rc8 {[%emt 0:00:39]} 46. Nd4 {[%emt 0:00:28]} e5 {[%emt 0:00:35]} 47. Nb3 {[%emt 0:00:41]} Rh8 {[%emt 0:00:31]} 48. f5 {[%emt 0:00:42]} Rh4 {[%emt 0:01:24]} 49. f6+ {[%emt 0:00:52]} Ke6 {[%emt 0:00:24]} 50. Nc1 {[%emt 0:00:35]} a5 {[%emt 0:00:53]} 51. Kg3 {[%emt 0:00:25]} Rh5 {[%emt 0:00:55]} 52. Kg4 {[%emt 0:00:23]} a4 {[%emt 0:00:39]} 53. Nd3 {[%emt 0:00:25]} Rh1 {[%emt 0:00:23]} 54. Nb4 {[%emt 0:00:50]} Rg1+ {[%emt 0:00:31]} 55. Kh4 {[%emt 0:00:24]} Kd7 {[%emt 0:01:04]} 56. Nd3 {[%emt 0:00:38]} Rd1 {[%emt 0:00:30]} 57. Nb4 {[%emt 0:00:26]} Rh1+ {[%emt 0:00:32]} 58. Kg4 {[%emt 0:00:23]} Rg1+ {[%emt 0:00:21]} 59. Kh4 {[%emt 0:00:25]} Rd1 {[%emt 0:00:31]} 60. Kg4 {[%emt 0:01:04]} Nd2 {[%emt 0:00:32]} 61. Nd5 {[%emt 0:00:47]} Rg1+ {[%emt 0:00:27]} 62. Kh3 {[%emt 0:00:38]} Nf3 {[%emt 0:00:34]} 63. Nb6+ {[%emt 0:00:38]} Kc6 {[%emt 0:00:25]} 64. Nd5 {[%emt 0:00:29]} Rxg5 {[%emt 0:00:30]} 65. Nb4+ {[%emt 0:00:27]} Kd7 {[%emt 0:00:25]} 66. Re3 {[%emt 0:00:23]} Rh5+ {[%emt 0:00:43]} 67. Kg3 {[%emt 0:00:25]} Ng5 {[%emt 0:00:25]} 68. Kg4 {[%emt 0:00:24]} Ne6 {[%emt 0:00:27]} 69. Nd5 {[%emt 0:00:27]} Rh2 {[%emt 0:00:31]} 70. Nb6+ {[%emt 0:00:38]} Kc6 {[%emt 0:00:23]} 71. Nd5 {[%emt 0:00:30]} Rxb2 {[%emt 0:00:28]} 72. Ne7+ {[%emt 0:00:25]} Kd7 {[%emt 0:00:22]} 73. Rd3 {[%emt 0:00:33]} Rg2+ {[%emt 0:00:30]} 74. Kf3 {[%emt 0:00:26]} Nf4 {[%emt 0:00:48]} 75. Rd1 {[%emt 0:00:43]} g5 {[%emt 0:00:31]} 76. Nf5 {[%emt 0:00:27]} g4+ {[%emt 0:00:21]} 77. Ke3 {[%emt 0:00:24]} Re2# {[%emt 0:00:24]} 0-1

[Event "Balkan Youth Online-ch 2020"]
[Site "Online"]
[Date "2020.10.31"]
[Round "1.87"]
[White "Popovic, Mateja"]
[Black "Ivanovic, Tara"]
[Result "1-0"]
[WhiteElo "1592"]
[BlackElo "1283"]
[Annotator "NA RC"]
[PlyCount "108"]
[EventDate "2020.10.31"]
[EventType "swiss"]
[SourceTitle "playchess.com"]
[Source "ChessBase"]
[SourceQuality "1"]
[TimeControl "5400+30"]

1. d4 {[%emt 1:05:20]} d5 {[%emt 1:05:23]} 2. c4 {[%emt 0:00:24]} e6 {[%emt 0:00:22]} 3. Nc3 {[%emt 0:00:22]} Nf6 {[%emt 0:00:23]} 4. Bg5 {[%emt 0:00:22]} Be7 {[%emt 0:00:22]} 5. e3 {[%emt 0:00:23]} O-O {[%emt 0:00:23]} 6. Nf3 {[%emt 0:00:22]} Nbd7 {[%emt 0:00:23]} 7. cxd5 {[%emt 0:00:27]} Nxd5 {[%emt 0:00:25]} 8. Bxe7 {[%emt 0:00:24]} Qxe7 {[%emt 0:00:22]} 9. Nxd5 {[%emt 0:00:25]} exd5 {[%emt 0:00:22]} 10. Bd3 {[%emt 0:00:23]} Nf6 {[%emt 0:00:24]} 11. Qc2 {[%emt 0:00:28]} h6 {[%emt 0:02:41]} 12. Nd2 {[%emt 0:01:49]} c6 {[%emt 0:01:34]} 13. h3 {[%emt 0:00:32]} Re8 {[%emt 0:01:21]} 14. O-O-O {[%emt 0:00:32]} Ne4 {[%emt 0:00:49]} 15. Nxe4 {[%emt 0:01:05]} dxe4 {[%emt 0:00:24]} 16. Bc4 {[%emt 0:00:23]} Be6 {[%emt 0:00:51]} 17. g4 {[%emt 0:00:37]} Bxc4 {[%emt 0:01:44]} 18. Qxc4 {[%emt 0:00:25]} Qe6 {[%emt 0:00:24]} 19. Qa4 {[%emt 0:01:07]} Qd5 {[%emt 0:03:17]} 20. h4 {[%emt 0:01:24]} c5 {[%emt 0:02:05]} 21. Qb5 {[%emt 0:01:15]} a6 {[%emt 0:01:46]} 22. Qa5 {[%emt 0:00:32]} Rac8 {[%emt 0:01:01]} 23. Kb1 {[%emt 0:00:28]} Qc4 {[%emt 0:01:46]} 24. Rd2 {[%emt 0:01:44]} cxd4 {[%emt 0:00:38]} 25. exd4 {[%emt 0:00:33]} Qb5 {[%emt 0:01:10]} 26. Qxb5 {[%emt 0:00:35]} axb5 {[%emt 0:00:24]} 27. Re1 {[%emt 0:00:25]} Rcd8 {[%emt 0:02:11]} 28. Re3 {[%emt 0:00:41]} Rd5 {[%emt 0:00:31]} 29. f3 {[%emt 0:00:43]} Red8 {[%emt 0:00:42]} 30. Rxe4 {[%emt 0:00:25]} Kf8 {[%emt 0:00:26]} 31. Kc2 {[%emt 0:00:28]} f5 {[%emt 0:00:31]} 32. Rf4 {[%emt 0:00:44]} g5 {[%emt 0:01:09]} 33. hxg5 {[%emt 0:00:32]} hxg5 {[%emt 0:00:22]} 34. Rxf5+ {[%emt 0:00:21]} Rxf5 {[%emt 0:00:21]} 35. gxf5 {[%emt 0:00:24]} Kf7 {[%emt 0:00:22]} 36. Kd3 {[%emt 0:01:01]} Kf6 {[%emt 0:00:41]} 37. Rc2 {[%emt 0:00:28]} Rd5 {[%emt 0:00:35]} 38. Ke4 {[%emt 0:00:37]} Rxf5 {[%emt 0:00:23]} 39. Rc7 {[%emt 0:00:23]} Ke6 {[%emt 0:00:43]} 40. Rxb7 {[%emt 0:00:30]} Rf4+ {[%emt 0:00:23]} 41. Ke3 {[%emt 0:00:23]} Kd5 {[%emt 0:00:31]} 42. Rxb5+ {[%emt 0:00:25]} Kc4 {[%emt 0:00:22]} 43. Rc5+ {[%emt 0:00:25]} Kb4 {[%emt 0:00:26]} 44. Rxg5 {[%emt 0:00:26]} Rf8 {[%emt 0:00:22]} 45. Re5 {[%emt 0:00:27]} Ra8 {[%emt 0:00:31]} 46. a3+ {[%emt 0:00:28]} Kb3 {[%emt 0:00:26]} 47. Rb5+ {[%emt 0:00:23]} Kc4 {[%emt 0:00:21]} 48. Rb4+ {[%emt 0:00:23]} Kd5 {[%emt 0:00:23]} 49. Kd3 {[%emt 0:00:24]} Rf8 {[%emt 0:00:23]} 50. Rb5+ {[%emt 0:00:35]} Kc6 {[%emt 0:00:24]} 51. Rc5+ {[%emt 0:00:22]} Kd6 {[%emt 0:00:24]} 52. Ke4 {[%emt 0:00:22]} Re8+ {[%emt 0:00:22]} 53. Re5 {[%emt 0:00:23]} Rc8 {[%emt 0:00:22]} 54. f4 {[%emt 0:00:27]} Rc3 {[%emt 0:00:22]} 1-0

[Event "Balkan Youth Online-ch 2020"]
[Site "Online"]
[Date "2020.10.31"]
[Round "1.89"]
[White "Yilmaz, Duygu Sila"]
[Black "Srdanovic, Jovana"]
[Result "0-1"]
[WhiteElo "1408"]
[BlackElo "2144"]
[Annotator "TA"]
[PlyCount "54"]
[EventDate "2020.10.31"]
[EventType "swiss"]
[SourceTitle "playchess.com"]
[Source "ChessBase"]
[SourceQuality "1"]

{[%evp 16,54,19,3,5,-44,-35,-33,-41,-43,-34,-80,-24,-66,-78,-67,-70,-63,-58,-67,-75,-118,-93,-122,-103,-163,-113,-195,-114,-117,-99,-143,-88,-112,-89,-121,-115,-200,-214,-225,-225]} 1. e4 c5 2. Nf3 e6 3. d4 cxd4 4. Nxd4 a6 5. Be3 Nf6 6. Nc3 d6 7. Qd2 Be7 8. Be2 O-O 9. O-O b5 {B84: Sicilian Scheveningen: 6 Be2 a6, lines without early Be3.} 10. Nb3 Bb7 11. f3 Nbd7 {Black is slightly better.} 12. Rad1 Qc7 13. Bf4 {[%cal Rf4d6] [#]} Ne5 $146 (13... b4 $17 {White must now prevent ...e5.} 14. Na4 e5) ({Predecessor:} 13... e5 14. Be3 Rac8 15. a3 Nb6 16. Bg5 Nc4 17. Bxc4 Qxc4 18. Bxf6 Bxf6 19. Qxd6 Rfd8 {1-0 (42) Shafikov,A (1292)-Salmanov,A (1239) Tuimazy 2015}) 14. a4 Nc4 15. Bxc4 bxc4 16. Nc1 $1 {[%cal Rf4d6]} Rfd8 17. Qf2 Rab8 18. Be3 Ba8 19. N1e2 Rxb2 20. Ra1 (20. Bd4 $17) 20... Rdb8 21. Nd4 (21. Rfc1 $17 {was called for.}) 21... Nd7 (21... d5 $19 {Strongly threatening ...e5.} 22. exd5 Nxd5 23. Nxd5 Bxd5) 22. a5 Bf6 23. Na4 {[#]} R2b7 ({Black should play} 23... c3 $1 24. Nxb2 cxb2) 24. Qd2 Rb4 25. c3 R4b7 26. Nb6 (26. Rfd1 $17 {was worth a try.}) 26... Nxb6 $19 27. axb6 Rxb6 {Av CentiPawn Loss W=-30/B=-16. Weighted=-32/-20} 0-1

[Event "Balkan Youth Online-ch 2020"]
[Site "Online"]
[Date "2020.10.31"]
[Round "1.90"]
[White "Obada, Ema"]
[Black "Eftovska, Lea"]
[Result "1-0"]
[WhiteElo "1940"]
[BlackElo "1587"]
[Annotator "TA"]
[PlyCount "89"]
[EventDate "2020.10.31"]
[EventType "swiss"]
[SourceTitle "playchess.com"]
[Source "ChessBase"]
[SourceQuality "1"]

{[%evp 13,89,0,51,0,0,0,-8,0,0,-10,-16,-11,-11,-21,-12,-59,-58,-63,-67,-70,-66,-102,-112,-108,-93,-84,-65,-88,-86,-224,-227,-317,-18,-297,32,26,37,23,23,52,89,81,114,113,119,118,156,164,162,132,136,127,222,210,211,152,297,287,275,287,364,302,405,419,412,403,645,639,918,895,921,916,891,871,807,810,12840,12839]} 1. e4 e5 2. Nf3 Nc6 3. Bb5 a6 4. Ba4 Nf6 5. d3 b5 6. Bb3 Bc5 7. O-O h6 ({Black should play} 7... d6 $11) 8. Nc3 {C78: Ruy Lopez: Archangelsk and Möller Defences.} (8. a4 $14) 8... d6 $11 {The main line 8...d6 scores better than 8...0-0.} 9. h3 O-O 10. Nd5 {The position is equal.} Na5 11. Ne3 Nxb3 12. axb3 {[#]} Re8 $146 ({Predecessor:} 12... Be6 13. c3 Bb6 14. Qc2 Qc8 15. Kh2 Nd7 16. d4 exd4 17. cxd4 Nf6 18. Bd2 d5 {1-0 (42) Pade,J (1775)-Varma,C Giessen 2009}) 13. Re1 c6 14. Nf5 Bxf5 15. exf5 Qd7 16. Nh4 d5 17. Qf3 e4 18. dxe4 Nxe4 (18... dxe4 {is more complex.} 19. Qd1 Qe7 20. c3 a5 21. Nf3 Nd5) 19. Be3 Bxe3 20. Rxe3 Qd8 21. Qf4 (21. g3 $17) 21... Qf6 $19 22. c3 c5 $2 (22... g5 $19 23. Qg4 h5 $1 {[%mdl 512]} 24. Qxh5 gxh4) 23. Rae1 $2 {[%mdl 8192]} (23. Nf3 $11) 23... Qd6 $2 (23... g5 $19 24. Qg4 {[#]} h5 $1 {[%mdl 512]} 25. Qxh5 gxh4) 24. Qxd6 $14 Nxd6 25. Rd1 Rxe3 26. fxe3 $11 {[%mdl 4096] Endgame KRN-KRN} Ne4 27. Rxd5 Re8 28. Nf3 Kf8 29. Kf1 Nf6 30. Rxc5 Rxe3 31. Rc6 b4 32. Kf2 ({Much worse is} 32. cxb4 $6 Rxb3 33. Rxa6 Rxb4 $11) 32... Rd3 (32... Re8 $16 {might work better.} 33. cxb4 Nd5 34. Rxa6 Nxb4) 33. Ke2 $18 ({Not} 33. Rxa6 bxc3 34. bxc3 Ne4+ 35. Kg1 Rxc3 $14) 33... Rd5 34. g4 a5 (34... Ra5 $16) 35. c4 Rd8 36. Ra6 Re8+ 37. Kd3 Rd8+ 38. Nd4 h5 39. g5 Nh7 (39... Nd7 $142) 40. h4 {White is clearly winning.} g6 41. fxg6 fxg6 42. Rxg6 Kf7 43. Ra6 Nf8 44. Ke4 Ng6 45. Rf6+ {White used his chance. Av CentiPawn Loss W=-23/B=-72. Weighted=-36/-111} 1-0

[Event "Balkan Youth Online-ch 2020"]
[Site "Online"]
[Date "2020.10.31"]
[Round "1.91"]
[White "Shqau, Olta"]
[Black "Bucur, Denisa-Andreea"]
[Result "1-0"]
[WhiteElo "1373"]
[BlackElo "2063"]
[Annotator "TA"]
[PlyCount "55"]
[EventDate "2020.10.31"]
[EventType "swiss"]
[SourceTitle "playchess.com"]
[Source "ChessBase"]
[SourceQuality "1"]

{[%evp 9,55,0,14,9,13,15,53,12,33,-22,0,0,1265,1255,1260,1273,1307,1300,1286,1310,1445,1440,1614,1537,1725,1569,1563,1520,1527,1527,1517,1490,1406,1433,1710,1724,1779,1756,1907,1906,1906,1904,1850,1729,1754,1723,1822,1774]} 1. d4 Nf6 2. Nf3 e6 3. Bf4 d5 4. e3 c5 5. c4 Nc6 6. Nc3 {aiming for Nb5. D02: 1 d4 d5 2 Nf3 sidelines, including 2...Nf6 3 g3 and 2...Nf6 3 Bf4.} a6 7. a3 Be7 8. h3 {White is slightly better.} O-O 9. Be2 ({White should try} 9. dxc5 $14 Bxc5 10. Rc1) 9... dxc4 {[#]} 10. dxc5 $146 ({Predecessor:} 10. Bxc4 b5 11. Be2 Bb7 12. O-O Qb6 13. Rc1 Rfd8 14. dxc5 Bxc5 15. Qc2 Be7 16. Rfd1 {0-1 (48) Schwaninger,W (2226)-Zumsande,M (2389) playchess.com INT 2004}) 10... Qb6 $2 {[%mdl 8192] [#] White now steadily converts the win.} (10... Qxd1+ $11 11. Rxd1 Bxc5) 11. cxb6 $18 {White is clearly winning.} Rd8 12. Qc2 Nd5 13. Bxc4 Nxf4 14. exf4 Bf6 15. O-O Nd4 16. Nxd4 Rxd4 17. Be2 Bd7 18. Rad1 Bc6 19. Rxd4 Bxd4 20. Rd1 Bxb6 21. b4 h6 22. Bf3 Bxf3 23. gxf3 Rc8 24. Rd7 Bd8 25. Qd2 Bf6 26. Rd3 b5 27. Kg2 Rc4 28. Ne4 1-0

[Event "Balkan Youth Online-ch 2020"]
[Site "Online"]
[Date "2020.10.31"]
[Round "1.92"]
[White "Kalyva, Kyriaki"]
[Black "Ergazaki, Eirini"]
[Result "1-0"]
[WhiteElo "1823"]
[BlackElo "1577"]
[Annotator "NA RC"]
[PlyCount "23"]
[EventDate "2020.10.31"]
[EventType "swiss"]
[SourceTitle "playchess.com"]
[Source "ChessBase"]
[SourceQuality "1"]
[TimeControl "5400+30"]

1. d4 {[%emt 1:05:20]} d5 {[%emt 1:05:23]} 2. Nc3 {[%emt 0:00:26]} Nf6 {[%emt 0:00:25]} 3. Bf4 {[%emt 0:00:22]} c5 {[%emt 0:00:36]} 4. e3 {[%emt 0:00:42]} Nc6 {[%emt 0:00:51]} 5. Nb5 {[%emt 0:01:51]} e5 {[%emt 0:01:59]} 6. dxe5 {[%emt 0:00:34]} Ne4 {[%emt 0:01:34]} 7. e6 {[%emt 0:02:20]} Bxe6 {[%emt 0:03:30]} 8. Nc7+ {[%emt 0:01:23]} Ke7 {[%emt 0:00:38]} 9. Nxa8 {[%emt 0:00:41]} Qa5+ {[%emt 0:04:16]} 10. c3 {[%emt 0:02:45]} Nxc3 {[%emt 0:01:45]} 11. Qd2 {[%emt 0:01:30]} Nb4 {[%emt 0:02:11]} 12. bxc3 {[%emt 0:01:05]} 1-0

[Event "Balkan Youth Online-ch 2020"]
[Site "Online"]
[Date "2020.10.31"]
[Round "1.93"]
[White "Zeycan, Alara"]
[Black "Mihailidou, Magdalini"]
[Result "0-1"]
[WhiteElo "1230"]
[BlackElo "1796"]
[Annotator "NA RC"]
[PlyCount "28"]
[EventDate "2020.10.31"]
[EventType "swiss"]
[SourceTitle "playchess.com"]
[Source "ChessBase"]
[SourceQuality "1"]
[TimeControl "5400+30"]

1. d4 {[%emt 1:05:20]} d5 {[%emt 1:05:23]} 2. e3 {[%emt 0:00:31]} Nf6 {[%emt 0:00:23]} 3. f4 {[%emt 0:00:25]} e6 {[%emt 0:00:25]} 4. c3 {[%emt 0:00:23]} Ne4 {[%emt 0:00:34]} 5. Bd3 {[%emt 0:00:24]} Qh4+ {[%emt 0:00:24]} 6. g3 {[%emt 0:01:09]} Nxg3 {[%emt 0:00:25]} 7. hxg3 {[%emt 0:00:29]} Qxh1 {[%emt 0:00:25]} 8. Kf1 {[%emt 0:00:26]} e5 {[%emt 0:00:35]} 9. g4 {[%emt 0:01:39]} e4 {[%emt 0:01:18]} 10. Be2 {[%emt 0:00:38]} h5 {[%emt 0:00:31]} 11. Kf2 {[%emt 0:01:26]} hxg4 {[%emt 0:00:34]} 12. Bxg4 {[%emt 0:00:32]} Rh2+ {[%emt 0:00:28]} 13. Kf1 {[%emt 0:00:45]} Qg2+ {[%emt 0:00:23]} 14. Ke1 {[%emt 0:00:31]} Qxg1# {[%emt 0:00:27]} 0-1

[Event "Balkan Youth Online-ch 2020"]
[Site "Online"]
[Date "2020.10.31"]
[Round "1.94"]
[White "Lupascu, Diana-Elena"]
[Black "Bojovic, Neda"]
[Result "1-0"]
[WhiteElo "1668"]
[BlackElo "1316"]
[Annotator "NA RC"]
[PlyCount "45"]
[EventDate "2020.10.31"]
[EventType "swiss"]
[SourceTitle "playchess.com"]
[Source "ChessBase"]
[SourceQuality "1"]
[TimeControl "5400+30"]

1. d4 {[%emt 1:05:20]} d5 {[%emt 1:05:24]} 2. Nf3 {[%emt 0:00:23]} Nf6 {[%emt 0:00:23]} 3. g3 {[%emt 0:00:24]} c6 {[%emt 0:00:24]} 4. Bg2 {[%emt 0:00:24]} Bf5 {[%emt 0:00:31]} 5. O-O {[%emt 0:00:24]} e6 {[%emt 0:00:36]} 6. c4 {[%emt 0:00:26]} h6 {[%emt 0:00:54]} 7. Nc3 {[%emt 0:00:32]} Bd6 {[%emt 0:00:26]} 8. Nd2 {[%emt 0:00:47]} O-O {[%emt 0:01:00]} 9. e4 {[%emt 0:00:26]} dxe4 {[%emt 0:00:41]} 10. Ndxe4 {[%emt 0:00:24]} Bc7 {[%emt 0:00:37]} 11. Qb3 {[%emt 0:02:24]} Nxe4 {[%emt 0:03:27]} 12. Nxe4 {[%emt 0:01:58]} Qc8 {[%emt 0:01:12]} 13. Be3 {[%emt 0:04:52]} Nd7 {[%emt 0:10:02]} 14. Rac1 {[%emt 0:04:07]} Nb6 {[%emt 0:03:24]} 15. Nc5 {[%emt 0:02:53]} Bd6 {[%emt 0:06:45]} 16. Nxb7 {[%emt 0:04:19]} Qxb7 {[%emt 0:00:54]} 17. c5 {[%emt 0:00:31]} Rac8 {[%emt 0:01:17]} 18. Rc3 {[%emt 0:05:11]} Qb8 {[%emt 0:00:50]} 19. cxb6 {[%emt 0:00:49]} axb6 {[%emt 0:00:28]} 20. Rfc1 {[%emt 0:00:33]} Qb7 {[%emt 0:00:33]} 21. Rxc6 {[%emt 0:01:22]} Rxc6 {[%emt 0:00:27]} 22. Rxc6 {[%emt 0:00:27]} Qd7 {[%emt 0:00:24]} 23. Qxb6 {[%emt 0:00:38]} 1-0